| 000 | 00369nam a2200133Ia 4500 | ||
|---|---|---|---|
| 005 | 20260328104316.0 | ||
| 008 | 260328s9999||||xx |||||||||||||| ||und|| | ||
| 100 | _aKidney, Walter C. | ||
| 245 | 4 |
_aThe Architecture of Choice : _b Eclecticism in America, 1880-1930 / _cWalter C. Kidney |
|
| 260 | _bBraziller | ||
| 300 | _a178 p. | ||
| 650 | _aARQUITECTURA | ||
| 942 | _cBK | ||
| 999 |
_c11150 _d11150 |
||